000 00300nam a22001337a 4500
008 180316b xxu||||| |||| 00| 0 eng d
020 _a9780761938651
041 _aeng
080 _a336.101262
100 _a58
101 _aled
245 _amaking time to lead
_csimon.r.a
942 _2udc
_cBK
999 _c45233
_d45233